London: Every 'rail & tube' service - Statistics

General Stats
  • This quiz has been taken 136 times
  • The average score is 25 of 36
Answer Stats
Type Line % Correct
Underground (deep tube) Northern
99%
Underground (deep tube) Victoria
98%
Underground (deep tube) Central
96%
Underground (sub-surface) Circle
95%
Underground (deep tube) Bakerloo
94%
Other (hint: driverless) Docklands Light Railway
94%
Underground (sub-surface) District
93%
Underground (sub-surface) Hammersmith & City
92%
Underground (deep tube) Jubilee
91%
Underground (sub-surface) Metropolitan
91%
Other (hint: formerly TFL rail) Elizabeth line
90%
Underground (deep tube) Picadilly
85%
Underground (deep tube) Waterloo & City
82%
National Rail Operator Southern
79%
National Rail Operator Thameslink
79%
National Rail Operator Great Western Railway
77%
Overground Windrush
77%
National Rail Operator South Western Railway
75%
Overground Lioness
74%
Other (hint: Croydon) London Trams
72%
National Rail Operator Southeastern
70%
Overground Mildmay
69%
Other (hint: in the air) IFS Cloud Cable Car
67%
Overground Suffragette
62%
Overground Weaver
61%
National Rail Operator c2c
55%
National Rail Operator Chiltern Railways
53%
Overground Liberty
53%
National Rail Operator Greater Anglia
51%
National Rail Operator Great Northern
50%
National Rail Operator Heathrow Express
49%
National Rail Operator Gatwick Express
47%
National Rail Operator East Midlands Railway
46%
National Rail Operator London Northwestern Railway
39%
National Rail Operator Southeastern high speed
26%
National Rail Operator Luton Airport DART
14%
No matching quizzes found
Score Distribution
Percent of People with Each Score
Percentile by Number Answered
Your Score History
You have not taken this quiz